Album par Cover - Rap 2021 - Statistiques

Statistiques générales
  • Ce quiz a été pris 59 fois
  • Le résultat moyen est 4 sur 9
Statistiques - réponses
Par images Réponse % Correct
JVLIVS 2
78%
L'etrange histoire de Mr Anderson
65%
DRILL FR
51%
Ultra
51%
ERRR
45%
Ocho
43%
17%
20%
Aimons nous vivant
18%
Spleen
16%
Aucun quiz correspondant
Distribution des résultats
% des personnes avec chaque résultat
Percentile par nombre de réponses
Votre historique - résultats
Vous n’avez pas pris ce quiz